Charakteristiky divorastúcich ekotypov tráv

Bibliographic Details
Main Authors: Martincová, Jana (Ing.) (Author), Tišliar, Elemír, 1942- (Author), Kizeková, M. (Author)
Format: Article
Language:Slovak
ISBN:802272307X

MARC

LEADER 00000naa a2200000uu 4500
001 vtls011049340
003 SK-MaSNL
005 20260302144407.0
008 210904|2005 xo |||||||||||||||||slo|
015 |a SNBRA 
035 |a (urnnbn)urn:nbn:sk:snk:ar-0096o3 
035 |a (uuid)4b8bdb62-a8cb-4cf1-ac56-e7b88c38f1b7 
035 |a urn:nbn:sk:snk-aav06a 
040 |a SNKBUCL  |b slo  |c SNKBUCL  |e AACR2 
041 0 |a slo 
044 |a xo  |c SK 
100 1 |a Martincová, Jana  |c (Ing.)  |4 aut  |9 19889 
245 1 0 |a Charakteristiky divorastúcich ekotypov tráv  |c J. MARTINCOVÁ, E. TIŠLIAR, M. KIZEKOVÁ 
246 3 |a Characteristics of wild-growing grass ecotypes 
700 1 |a Tišliar, Elemír,  |d 1942-  |4 aut  |9 113461 
700 1 |a Kizeková, M.  |4 aut  |9 833565 
773 0 |t VII. zjazd Slovenskej spoločnosti pre poľnohospodárske, lesnícke, potravinárske a veterinárske vedy pri SAV  |d Bratislava : [Slovenská technická univerzita], 2005  |g S. 37-39  |z 802272307X 
958 |a OND 
958 |a article12 
958 |a chapter 
999 |c 1348949  |d 1350879